| 000 | 00620nam a2200205 a 4500 | ||
|---|---|---|---|
| 005 | 20231125063619.0 | ||
| 008 | 991125s1987 mx 000 0 spa u | ||
| 020 | _a9684264151 | ||
| 035 | _aUPN01000039802 | ||
| 049 | _aCG | ||
| 050 | 4 |
_aBF698.8 H5 _bG7.58 |
|
| 100 | 1 | _aGraham, John R. | |
| 245 | 1 | 0 |
_aMMPI : _bguía práctica / _cJohn R. Graham ; tr. Jorge Alberto Velázquez A. |
| 260 |
_aMéxico : _bEl Manual Moderno, _c1987. |
||
| 300 | _a297 p. | ||
| 650 | 4 |
_aINVENTARIO MULTIFASICO DE LA PERSONALIDAD DE MINNESOTA _97673 |
|
| 650 | 4 |
_aPruebas de la personalidad _943 |
|
| 905 | _aLibro | ||
| 999 |
_c39802 _d39802 |
||